000 00407nam a2200169Ia 4500
008 221030s9999 xx 000 0 und d
020 _a8170419220
041 _aEnglish
082 _a105.23
_bPur
100 _aV. K. Puri
245 0 _aBasic Facts on Electronics
_cby V. K. Puri, P. Chand
260 _bAnmol Pub
_aNew Delhi
_c1994
300 _a204
650 _aECE
700 _aP. Chand
942 _cBK
999 _c7813
_d7813